000 00386nam a2200145Ia 4500
005 20250729165756.0
008 250729s2017 xx 000 0 und d
041 _aeng
082 _a510 RAMP
100 _aRamachandraiah
_9232727
245 _aPedagogy of school subject - Mathematics
260 _aMysore
_bVismaya Prakashana
_c2017
300 _a200p
650 _aMathematics
_9232728
999 _c239927
_d239927